Lataa...
Modern Marketing Management: Principles and Techniques
| Päätekijä: | |
|---|---|
| Muut tekijät: | |
| Aineistotyyppi: | Printed Book |
| Kieli: | Undetermined English |
| Julkaistu: |
New Delhi
Regal
2007
|
| Aiheet: |
| LEADER | 00670nam a2200229Ia 4500 | ||
|---|---|---|---|
| 008 | 140306s9999 xx 000 0 und d | ||
| 020 | |a 8190420259 | ||
| 041 | |a eng | ||
| 082 | |a 658.8 |b JAI/MO | ||
| 100 | |a Jain, J.N | ||
| 245 | |a Modern Marketing Management: Principles and Techniques | ||
| 260 | |a New Delhi |b Regal |c 2007 | ||
| 300 | |a 554 | ||
| 365 | |b Rs.1750/- | ||
| 650 | |a advertising | ||
| 650 | |a marketing | ||
| 650 | |a online marketing | ||
| 650 | |a retailing | ||
| 700 | |a Singh, P.P | ||
| 942 | |2 ddc |c BK | ||
| 999 | |c 186102 |d 186102 | ||
| 952 | |0 0 |1 0 |2 ddc |4 0 |6 658_800000000000000_JAI_MO |7 0 |9 192046 |a KAUCBV |b KAUCBV |g 1750.00 |o 658.8 JAI/MO |r 2014-03-22 |w 2014-03-22 |y BK | ||